Tout les fromages en A - Statistiques

Statistiques générales
  • Ce quiz a été pris 15 fois
  • Le résultat moyen est 1 sur 7
Statistiques - réponses
Nom du fromage % Correct
Abondance
93%
Appenzeller
21%
Abbaye de la Pierre-qui-Vire
0%
Angors
0%
Anneau de Saint Clément
0%
Anneau du Vic-Bilh
0%
Ariégeois
0%
Aucun quiz correspondant
Distribution des résultats
% des personnes avec chaque résultat
Percentile par nombre de réponses
Votre historique - résultats
Vous n’avez pas pris ce quiz